Lyrics of lowly life /

Bibliographic Details
Main Author: Dunbar, Paul Laurence, 1872-1906
Format: Microform Book
Language:English
Published: New York : Dodd, Mead & Co., 1898.
Series:Afro-American rare book collection ; 56.

MARC

Tag First Indicator Second Indicator Subfields
LEADER 00000cam a2200000 a 4500
001 in00000098220
005 20150924085716.0
007 he bm| ba||
008 800905r1898 cou b 00010 eng d
035 |a (OCoLC)06683559 
035 |9 AAK9588AM 
040 |a UUM  |c UUM  |d m.c.  |d TXA  |d UtOrBLW 
049 |a TXAI 
099 |a fiche  |a C  |a 3969 
100 1 |a Dunbar, Paul Laurence,  |d 1872-1906. 
245 1 0 |a Lyrics of lowly life /  |c by Paul Laurence Dunbar ; with an introduction by W.D. Howells. 
264 1 |a New York :  |b Dodd, Mead & Co.,  |c 1898. 
300 |a xx, 208 pages ;  |c 17 cm. 
336 |a text  |b txt  |2 rdacontent 
337 |a microform  |b h  |2 rdamedia 
338 |a microfiche  |b he  |2 rdacarrier 
533 |a Microfiche.  |b Denver, Colo. :  |c Kistler Data Management, Information Resources Division,  |d 1977.  |e 3 microfiches ; 11 x 15 cm.  |f (Afro-American rare book collection ; [v.56]) 
500 |a Microform. 
830 0 |a Afro-American rare book collection ;  |v 56. 
999 |a MARS 
999 f f |s b113ecc2-5b30-3614-aca9-e93168a530a6  |i ec98cdfe-4480-30f9-8119-eee9e9f88bd6  |t 0 
952 f f |p normal  |a Texas A&M University  |b College Station  |c Sterling C. Evans Library  |d Evans: Microforms (3rd floor)  |t 0  |e fiche C 3969  |h Other scheme  |i microform -- microfiche  |m A14821397671 
998 f f |a fiche C 3969  |t 0  |l Evans: Microforms (3rd floor)